000 00484nam a2200205 i 4500
001 bg
100 1 _aALLAN, Boris
245 0 _aPocket guide Logo /
_cBORIS Allan.
260 _aLondon :
_bPitman,
_c1984.
490 1 _aProgramming Pocket Guides
650 9 _aLogo
830 _aProgramming Pocket Guides
020 _a0273021095
040 _cBPK
041 _apol
080 _a004
920 _a0-273-02109-5
942 _cKS
008 s pl f |000 0 pol
999 _c23431
_d23431
856 _uhttp://koha.tu.koszalin.pl/cgi-bin/koha/opac-detail.pl?biblionumber=23431
_yKatalog online BPK